<?xml version="1.0" encoding="UTF-8"?>
<marc:record xmlns:marc="http://www.loc.gov/MARC21/slim">
   <marc:leader>00000nam a2200000 a 4500</marc:leader>
   <marc:datafield ind1=" " ind2=" " tag="653">
      <marc:subfield code="a">Cassette</marc:subfield>
   </marc:datafield>
   <marc:datafield ind1=" " ind2=" " tag="653">
      <marc:subfield code="a">Jugendbuch / Romane</marc:subfield>
   </marc:datafield>
   <marc:datafield ind1=" " ind2=" " tag="653">
      <marc:subfield code="a">Erzählungen</marc:subfield>
   </marc:datafield>
   <marc:datafield ind1=" " ind2=" " tag="653">
      <marc:subfield code="a">CD</marc:subfield>
   </marc:datafield>
   <marc:datafield ind1="0" ind2="0" tag="245">
      <marc:subfield code="a">Sieben Siegel</marc:subfield>
   </marc:datafield>
   <marc:datafield ind1="0" ind2="0" tag="245">
      <marc:subfield code="c">Kai Meyer. Hörspielbearb. Sascha Gutzeit und Nikolaus Hartmann. Mit Andreas von der Meden ; Chiara Ferrau ; Marco Sand und vielen anderen</marc:subfield>
   </marc:datafield>
   <marc:datafield ind1=" " ind2="1" tag="264">
      <marc:subfield code="a">München</marc:subfield>
      <marc:subfield code="b">Der Hörverl.</marc:subfield>
      <marc:subfield code="c">2006</marc:subfield>
   </marc:datafield>
   <marc:datafield ind1="1" ind2=" " tag="520">
      <marc:subfield code="a">Angaben aus der Verlagsmeldung

Sieben Siegel - Die Katakomben des Damiano : Hörspiel. Ab 10 Jahren / von Kai Meyer

Folge 3: Die Katakomben des Damiano: Etwas geht in der verlassenen Abtei nicht mit rechten Dingen zu. Davon sind Kyra, Lisa, Chris und Nils überzeugt. Warum riecht es in den Katakomben der alten Kapelle so abscheulich? Und wohin ist die amerikanische Wissenschaftlerin Doktor Richardson verschwunden, die hier über den Bildhauer Damiano forschte? Die Freunde folgen Doktor Richardson in die Tiefe und stoßen auf eine Furcht erregende Hinterlassenschaft, die seit Urzeiten in den Katakomben schlummert...
</marc:subfield>
   </marc:datafield>
   <marc:datafield ind1=" " ind2=" " tag="020">
      <marc:subfield code="a">9783899408997</marc:subfield>
      <marc:subfield code="9">9783899408997</marc:subfield>
   </marc:datafield>
   <marc:datafield ind1=" " ind2=" " tag="020">
      <marc:subfield code="a">3899408993</marc:subfield>
      <marc:subfield code="9">3899408993</marc:subfield>
   </marc:datafield>
   <marc:datafield ind1=" " ind2=" " tag="041">
      <marc:subfield code="a">ger</marc:subfield>
   </marc:datafield>
   <marc:datafield ind1=" " ind2=" " tag="300">
      <marc:subfield code="a">1 CD</marc:subfield>
   </marc:datafield>
</marc:record>
